Escobas voladoras : (Registro nro. 12401)

Detalles MARC
000 -LIDER
fixed length control field 00967nam a22003017a 4500
001 - NÚMERO DE CONTROL
Identificador de número de control 02010045712
003 - IDENTIFICACDOR DE NÚMERO DE CONTROL
control field DO-SdBNP
005 - DATE AND TIME OF LATEST TRANSACTION
control field 20180212103425.0
007 - CAMPOS FIJOS DE DESCRIPCIÓN FÍSICA
fixed length control field 02010045712
008 - ELEMENTOS DE LONGITUD FIJA
fixed length control field 161213b 1992 sp a ||||| |||| 00| 0 spa d
020 ## - ISBN
International Standard Book Number 8423626482
040 ## - FUENTE DE CATALOGACIÓN
Agencia que crea de manera original el registro BPMSU
Idioma de catalogación spa
Agencia que realiza la transcripción BPMSU
082 ## - NÚMERO DE CLASIFICACIÓN DECIMAL DE DEWEY
Classification number xxxx
Item number xxxx
100 1# - ASIENTO PRINCIPAL -- NOMBRE PERSONAL
Nombre personal Jungman, Ann
240 1# - TITULO UNIFORME
Título uniforme Broomstick services.
Idioma de una obra Español
245 10 - MENCIÓN DE TITULO
Título Escobas voladoras :
Subtítulo servicio a domicilio /
Mención de responsabilidad Ann Jungman ; traductora, Herminia Dauer ; ilustraciones interiores y cubierta, Jean Baylis.
260 ## - PUBLICACIÓN, DISTRIBUCIÓN, ETC. (PIE DE IMPRENTA)
Lugar de publicación, distribución, etc Barcelona :
Nombre del editor, distribuidor, etc. Edebé,
Fecha de publicación, distribución, etc 1992.
300 ## - DESCRIPCIÓN FÍSICA
Extensión 75 p. :
Otros detalles físicos il. ;
Dimensiones 17 cm.
490 1# - MENCIÓN DE SERIES
Mención de serie Tucán
Volume/sequential designation 14
500 ## - NOTA GENERAL
Nota general Incluye datos de la autora.
500 ## - NOTA GENERAL
Nota general Traducción de: Broomstick services
700 12 - ASIENTO SECUNDARIO -- NOMBRE PERSONAL
Nombre personal Dauer, Herminia,
Mención de responsabilidad tr.
700 12 - ASIENTO SECUNDARIO -- NOMBRE PERSONAL
Nombre personal Baylis, Jean,
Mención de responsabilidad il.
830 #0 - ASIENTO SECUNDARIO DE SERIE--TÍTULO UNIFORME
Título uniforme Tucán ;
Volume number/sequential designation 14
942 ## - ADDED ENTRY ELEMENTS (KOHA)
Source of classification or shelving scheme Dewey Decimal Classification
Koha item type Libros
945 ## - INFORMACIÓN DE PROCESAMIENTO LOCAL
Información de procesamiento local Inventariado, 2018/ YL
956 ## - LOCAL ELECTRONIC LOCATION AND ACCESS (OCLC)
Método de acceso LOPEREZ
Materiales especificados 10
Enlace 20161213
Campo enlazado y núm. de secuencia BPMSU
Nombre de host 00041
Existencias
Withdrawn status Lost status Source of classification or shelving scheme Damaged status Not for loan Collection code Home library Current library Date acquired Source of acquisition Total Checkouts Full call number Barcode Date last seen Price effective from Koha item type
    Dewey Decimal Classification     Colección Infantil General Biblioteca Pública Metropolitana Salomé Ureña Biblioteca Pública Metropolitana Salomé Ureña 12/13/2016 FUNDI   xxxx xxxx BPMSU16120281 12/13/2016 12/13/2016 Libros